[Event "PulaOpen19"]
[Site "Pula, Hotel Park Plaza Histri"]
[Date "2019.06.28"]
[Round "8.15"]
[White "Zierke, Oliver"]
[Black "Saradjen, Janko"]
[Result "1-0"]
[WhiteElo "2227"]
[BlackElo "1971"]
[PlyCount "103"]
[EventDate "2019.??.??"]

1. d4 g6 2. c4 Bg7 3. e4 d6 4. Nc3 Nc6 5. Be3 e5 6. d5 Nce7 7. g4 h5 8. g5 f5
9. gxf6 Nxf6 10. h4 O-O 11. f3 c6 12. Qd2 cxd5 13. cxd5 Bd7 14. O-O-O Qa5 15.
Kb1 Rab8 16. Nb5 Qxd2 17. Bxd2 Bxb5 18. Bxb5 a6 19. Be2 Rfc8 20. Bb4 Ne8 21.
Bf1 b5 22. Bh3 Rc4 23. a3 Rb7 24. Ne2 Ra7 25. b3 Rcc7 26. Ba5 Rcb7 27. Nc1 Bh6
28. Nd3 Be3 29. Nb4 Bb6 30. Nc6 Bxa5 31. Nxa5 Rc7 32. Rc1 Kg7 33. Nc6 Ra8 34.
Rhg1 Kh6 35. Rc2 Nf6 36. Be6 Neg8 37. Rcg2 Rg7 38. Bf5 Ng4 39. fxg4 gxf5 40.
gxf5 Rxg2 41. Rxg2 Rf8 42. Rg6+ Kh7 43. Kc2 Rf6 44. Ne7 Rxg6 45. fxg6+ Kg7 46.
Nxg8 Kxg8 47. Kc3 a5 48. a4 bxa4 49. bxa4 Kg7 50. Kc4 Kxg6 51. Kb5 Kf7 52. Kxa5
1-0

[Event "PulaOpen19"]
[Site "Pula, Hotel Park Plaza Histri"]
[Date "2019.06.29"]
[Round "9.4"]
[White "Jovanovic, Zoran"]
[Black "Trkulja, Goran"]
[Result "1-0"]
[WhiteElo "2503"]
[BlackElo "2299"]
[PlyCount "53"]
[EventDate "2019.??.??"]

1. e4 c5 2. Nc3 a6 3. g3 b5 4. Bg2 Bb7 5. Nge2 e6 6. O-O Nf6 7. d3 d6 8. h3 Be7
9. e5 Nd5 10. Nxd5 Bxd5 11. Bxd5 exd5 12. e6 O-O 13. Nf4 d4 14. Qf3 Ra7 15. Qd5
Bf6 16. Bd2 Be5 17. exf7+ Raxf7 18. Ne6 Qc8 19. Nxf8 Kxf8 20. f4 Bf6 21. Rae1
Be7 22. Qa8 Kg8 23. Re2 Bf8 24. Kh2 c4 25. Bb4 Qc7 26. Re8 Nc6 27. Rc8 1-0

[Event "PulaOpen19"]
[Site "Pula, Hotel Park Plaza Histri"]
[Date "2019.06.29"]
[Round "9.10"]
[White "Maier, Christian"]
[Black "Grishchenko, Sergey"]
[Result "1/2-1/2"]
[WhiteElo "2299"]
[BlackElo "2411"]
[PlyCount "114"]
[EventDate "2019.??.??"]

1. d4 Nf6 2. Nf3 c5 3. e3 d5 4. c4 cxd4 5. exd4 g6 6. Nc3 Bg7 7. cxd5 Nxd5 8.
Qb3 Nxc3 9. bxc3 O-O 10. Be2 Nc6 11. O-O Na5 12. Qb4 Be6 13. Bg5 f6 14. Be3 Rc8
15. Nd2 Qc7 16. c4 f5 17. d5 Bf7 18. Rac1 f4 19. d6 Qxd6 20. Qxd6 exd6 21. Bxf4
d5 22. c5 Rfe8 23. Bb5 Nc6 24. Rfd1 Bf6 25. Ba4 Red8 26. Nf3 d4 27. a3 d3 28.
Bd6 Nd4 29. Nxd4 Bxd4 30. Be7 Rd5 31. g4 Bb2 32. Rb1 Bxa3 33. Rxb7 Bxc5 34. Bb3
d2 35. Bxc5 Rcxc5 36. Rxf7 Kxf7 37. Rxd2 Ke6 38. Ra2 a5 39. Kg2 g5 40. Re2+ Kd6
41. Bxd5 Rxd5 42. Re8 Kc5 43. h4 gxh4 44. Kh3 a4 45. f4 a3 46. f5 Kb4 47. f6
Rd3+ 48. Kxh4 Rf3 49. g5 a2 50. Ra8 Kb3 51. Kh5 Rh3+ 52. Kg4 Rh1 53. Kf5 Rf1+
54. Ke6 Re1+ 55. Kf5 Rf1+ 56. Ke6 Re1+ 57. Kf5 Rf1+ 1/2-1/2

[Event "PulaOpen19"]
[Site "Pula, Hotel Park Plaza Histri"]
[Date "2019.06.29"]
[Round "9.11"]
[White "Petran, Peter"]
[Black "Berezjuk, Sergej"]
[Result "1/2-1/2"]
[WhiteElo "2246"]
[BlackElo "2411"]
[PlyCount "120"]
[EventDate "2019.??.??"]

1. Nf3 c5 2. g3 Nc6 3. Bg2 e5 4. e4 g6 5. Nc3 Bg7 6. d3 Nge7 7. O-O d6 8. Nd2
O-O 9. Nc4 Be6 10. Nd5 h6 11. a4 Rb8 12. c3 f5 13. f4 Qd7 14. Be3 b6 15. Qd2
Kh7 16. Rf2 Rbd8 17. Qc2 Bg8 18. Nxe7 Nxe7 19. b3 exf4 20. Bxf4 fxe4 21. dxe4
Bxc4 22. bxc4 Qe6 23. Qd3 g5 24. e5+ Ng6 25. Bd5 dxe5 26. Be3 e4 27. Qc2 Rxf2
28. Bxf2 Qf6 29. Bxe4 Rd6 30. Rd1 Rxd1+ 31. Qxd1 Kh8 32. a5 Nf8 33. axb6 axb6
34. Be1 Qe7 35. Qd5 Nd7 36. Bd2 Nf6 37. Qa8+ Bf8 38. Bf3 Kg7 39. Qb7 Qxb7 40.
Bxb7 Bd6 41. Kg2 Kg6 42. h3 Nh5 43. Be1 Kf6 44. Kf3 Ke5 45. Bd2 Be7 46. g4 Nf4
47. h4 Ng6 48. h5 Nf4 49. Bxf4+ gxf4 50. Be4 Bh4 51. Bb7 Be1 52. Ba6 Bxc3 53.
Bb5 Be1 54. Ba6 Bh4 55. Bb5 Bg5 56. Ba6 Kd4 57. Bb5 Kc3 58. Ba6 Kb4 59. Bb5 Ka5
60. Ke4 Kb4 1/2-1/2